000 00395pab a2200145 454500
008 180718b2011 xxu||||| |||| 00| 0 eng d
100 _aSanchez, Omar
245 _aFighting tax evasion in Latin America: The contrasting strategies of Chile and Argentina
260 _c2011
300 _ap.1107-1125.
650 _aTaxation
773 _aThird World Quarterly
908 _aN
909 _a92563
999 _c92563
_d92563